Watch brand logos - Statistics

General Stats
  • This quiz has been taken 1,097 times
  • The average score is 7 of 16
Answer Stats
Picture Answer % Correct
Rolex
91%
Omega
88%
Tissot
76%
Hublot
68%
Audemars Piguet
63%
Breitling
53%
Tudor
51%
Vacheron Constantin
47%
Patek Philippe
41%
Longines
33%
Ulysse Nardin
29%
Jaeger-LeCoultre
25%
Hamilton
22%
Blancpain
16%
Festina
6%
Ebel
3%
No matching quizzes found
Score Distribution
Percent of People with Each Score
Percentile by Number Answered
Your Score History
You have not taken this quiz